Community development and extension / (Record no. 142265)

MARC details
000 -LEADER
fixed length control field 00680nam a22002057a 4500
005 - DATE AND TIME OF LATEST TRANSACTION
control field 20170705143242.0
010 ## - LCCN (DPL NO)
LC control number ENG-119099
020 ## - INTERNATIONAL STANDARD BOOK NUMBER
International Standard Book Number 9789384782658
Terms of availability 900.00
035 ## - SYSTEM CONTROL NUMBER
System control number EN-102631
037 ## - SOURCE OF ACQUISITION
Source of stock number/acquisition DBAD/PUB
082 ## - DEWEY DECIMAL CLASSIFICATION NUMBER
Classification number 307.14
100 ## - MAIN ENTRY--PERSONAL NAME
Personal name Singh, Rama
245 ## - TITLE STATEMENT
Title Community development and extension /
Statement of responsibility, etc by Rama Singh [and] Ishita Singh
260 ## - PUBLICATION, DISTRIBUTION, ETC. (IMPRINT)
Place of publication, distribution, etc Delhi
Name of publisher, distributor, etc Disha International Publishing House
Date of publication, distribution, etc 2016
270 ## - ADDRESS
Address F-7,Gali No.1,Panchsheel Garden Ext. Naveen Shahdra
City Delhi
Postal code 110032
300 ## - PHYSICAL DESCRIPTION
Extent viii,288p
Other physical details 25cm(Hb)
500 ## - GENERAL NOTE
General note Includes bibliographical references and index
700 ## - ADDED ENTRY--PERSONAL NAME
Personal name Singh,Ishita
942 ## - ADDED ENTRY ELEMENTS (KOHA)
Source of classification or shelving scheme Dewey Decimal Classification
Item type English Books
Classification part 307.14
Call number suffix SIN
Holdings
Withdrawn status Lost status Not for loan Collection code Home library Current library Date acquired Source of acquisition Cost, normal purchase price Full call number Barcode Copy number Cost, replacement price Koha item type
    Not For Loan Non-fiction D.B.Act.Division Bawana 04/07/2017 DBAD/PUB 900.00 307.14 SIN EN-102631 1 900.00 English Books

© Delhi Public Library
Hit Counter
free hit counter